Psychology : (Record no. 1967)
[ view plain ]
| 000 -LEADER | |
|---|---|
| fixed length control field | 00942pam a2200277 a 4500 |
| 001 - CONTROL NUMBER | |
| control field | 691496 |
| 003 - CONTROL NUMBER IDENTIFIER | |
| control field | OSt |
| 005 - DATE AND TIME OF LATEST TRANSACTION | |
| control field | 20150602174542.0 |
| 008 - FIXED-LENGTH DATA ELEMENTS--GENERAL INFORMATION | |
| fixed length control field | 960723s1997 maua b 001 0 eng |
| 010 ## - LIBRARY OF CONGRESS CONTROL NUMBER | |
| LC control number | 96034118 |
| 020 ## - INTERNATIONAL STANDARD BOOK NUMBER | |
| International Standard Book Number | 0205193455 (hardcover) |
| 040 ## - CATALOGING SOURCE | |
| Original cataloging agency | DLC |
| Transcribing agency | DLC |
| Modifying agency | DLC |
| 050 00 - LIBRARY OF CONGRESS CALL NUMBER | |
| Classification number | BF121 |
| Item number | .C35 1997 |
| 082 00 - DEWEY DECIMAL CLASSIFICATION NUMBER | |
| Classification number | 150 CAR 1997 |
| Edition number | 20 |
| 100 1# - MAIN ENTRY--PERSONAL NAME | |
| Personal name | Carlson, Neil R., |
| Dates associated with a name | 1942- |
| 9 (RLIN) | 5169 |
| 245 10 - TITLE STATEMENT | |
| Title | Psychology : |
| Remainder of title | the science of behavior / |
| Statement of responsibility, etc. | Neil R. Carlson, William Buskist. |
| 250 ## - EDITION STATEMENT | |
| Edition statement | 5th ed. |
| 260 ## - PUBLICATION, DISTRIBUTION, ETC. (IMPRINT) | |
| Place of publication, distribution, etc. | Boston : |
| Name of publisher, distributor, etc. | Allyn and Bacon, |
| Date of publication, distribution, etc. | c1997. |
| 300 ## - PHYSICAL DESCRIPTION | |
| Extent | xix, 683 p. : |
| Other physical details | ill. (some col.) ; |
| Dimensions | 29 cm. |
| 504 ## - BIBLIOGRAPHY, ETC. NOTE | |
| Bibliography, etc | Includes bibliographical references (p. 639-662) and indexes. |
| 650 #0 - SUBJECT ADDED ENTRY--TOPICAL TERM | |
| Topical term or geographic name as entry element | Psychology |
| Form subdivision | Textbooks. |
| 9 (RLIN) | 5170 |
| 700 1# - ADDED ENTRY--PERSONAL NAME | |
| Personal name | Buskist, William. |
| 9 (RLIN) | 5171 |
| 906 ## - LOCAL DATA ELEMENT F, LDF (RLIN) | |
| a | 7 |
| b | cbc |
| c | orignew |
| d | 1 |
| e | ocip |
| f | 19 |
| g | y-gencatlg |
| 942 ## - ADDED ENTRY ELEMENTS (KOHA) | |
| Source of classification or shelving scheme | Other/Generic Classification Scheme |
| Koha item type | Short Loan |
| Withdrawn status | Lost status | Source of classification or shelving scheme | Damaged status | Not for loan | Home library | Current library | Date acquired | Source of acquisition | Inventory number | Total Checkouts | Full call number | Barcode | Date last seen | Price effective from | Koha item type | Date last checked out |
|---|---|---|---|---|---|---|---|---|---|---|---|---|---|---|---|---|
| Dewey Decimal Classification | MUST Main Library | MUST Main Library | 02/06/2015 | Purchase | 2000/14541 | 150 CAR 1997 | 2015-1734 | 02/06/2015 | 02/06/2015 | Short Loan | ||||||
| Dewey Decimal Classification | MUST Main Library | MUST Main Library | 02/06/2015 | Purchase | 2003/19327 | 150 CAR 1997 | 2015-1735 | 02/06/2015 | 02/06/2015 | Short Loan | ||||||
| Dewey Decimal Classification | MUST Main Library | MUST Main Library | 02/06/2015 | Purchase | 2003/19328 | 150 CAR 1997 | 2015-1736 | 02/06/2015 | 02/06/2015 | Short Loan | ||||||
| Dewey Decimal Classification | MUST Main Library | MUST Main Library | 02/06/2015 | Purchase | 2000/16059 | 150 CAR 1997 | 2015-1737 | 02/06/2015 | 02/06/2015 | Short Loan | ||||||
| Dewey Decimal Classification | MUST Main Library | MUST Main Library | 05/06/2015 | Purchase | 2003/19326 | 150 CAR 1997 | 2015-1774 | 05/06/2015 | 05/06/2015 | Short Loan | ||||||
| Dewey Decimal Classification | MUST Main Library | MUST Main Library | 05/06/2015 | Purchase | 2001/16058 | 1 | 150 CAR 1997 | 2015-1775 | 13/04/2021 | 05/06/2015 | Short Loan | 13/04/2021 | ||||
| Dewey Decimal Classification | MUST Main Library | MUST Main Library | 18/09/2019 | Purchase | 04/21122 | 150 CAR 1997 | 2019-0457 | 18/09/2019 | 18/09/2019 | Open Shelf | ||||||
| Dewey Decimal Classification | MUST Main Library | MUST Main Library | 07/02/2020 | Purchase | 2000/14/540 | 150 CAR 1997 | 2020-0437 | 07/02/2020 | 07/02/2020 | Open Shelf | ||||||
| Dewey Decimal Classification | MUST Main Library | MUST Main Library | 24/02/2020 | Purchase | 04/21123 | 150 CAR 1997 | 2020-0567 | 24/02/2020 | 24/02/2020 | Open Shelf |
